| 000 | 01829cam a2200421 4500 | ||
|---|---|---|---|
| 003 | PE-LiUPU | ||
| 005 | 20250731183438.0 | ||
| 020 | _a8471976781 | ||
| 035 | _a(Sirsi) i9788471976789 | ||
| 035 | _a(Sirsi) 50722 | ||
| 035 | _a(Sirsi) 50722 | ||
| 041 | _aes | ||
| 044 | _aes | ||
| 082 | 0 | 4 |
_a721.832 _bO63 |
| 100 | 1 | _aOrdás, José Manuel | |
| 245 |
_aEscalera : _bmateriales, construcción y diseño / _cJosé Manuel Ordás. |
||
| 264 | 1 |
_aValencia : _bCissPraxis, _c2001 |
|
| 300 |
_a239 páginas : _bilustraciones ; _c28 cm. |
||
| 504 | _aIncluye bibliografía p.236 | ||
| 505 | 0 | _aEn la aurora de la humanidad -- Asiria, Babilonia, Egipto y Persia -- Las civilizaciones precolombinas: mayas e incas -- El clasicismo: Grecia y Roma -- La civilización islámica -- Los templos budistas y sintoístas en Extremo Oriente -- La ed | |
| 526 | _aP158 | ||
| 526 | _aP146 | ||
| 526 | _aP17 | ||
| 526 | _aP12 | ||
| 526 | _aP06 | ||
| 650 | 1 | 4 |
_aEscaleras _xDiseños y planos |
| 650 | 1 | 4 |
_aEscaleras _vFotografías |
| 650 | 1 | 4 |
_aEscaleras _xDiseño y construcción |
| 700 | 1 |
_aCuito, Aurora _eed. |
|
| 859 |
_q67496 _h721.832 _iO63 |
||
| 910 |
_agl _b _cng _d20130606 |
||
| 942 |
_2ddc _cBOOK |
||
| 949 |
_a721.832 O63 _i67496 _lCCODEBUL1 _mBUL _tLIBRO _o.STAFF. Colección General |
||
| 596 | _a1 | ||
| 999 |
_a721.832 O63 _wDEWEY _c55126 _i67496 _d55126 _e2017-3-13 _f2021-11-9 _g8 _lCCODEBUL1 _mBUL _n3 _p67.00 _q3 _r0 _sY _tBOOK _u2015-7-6 _xINGENIERIA _PP06 _0COMPRA _o.STAFF. Colección General |
||
| 999 |
_a721.832 O63 _wDEWEY _c2 _i69751 _d2018-5-31 _e2015-11-24 _f2021-11-9 _g7 _lCCODEBUL1 _mBUL _n3 _p67.00 _q3 _r0 _sY _tBOOK _u2015-7-6 _xINGENIERIA _PP06 _0COMPRA _o.STAFF. Colección Ingenieria y Arquitectura |
||
| 980 |
_81 _gALBERTO SANCHEZ Responsable de Automatización |
||